| 000 | 01101nam a22002177a 4500 | ||
|---|---|---|---|
| 999 |
_c62428 _d62428 |
||
| 003 | Ge_BSU | ||
| 005 | 20241030171347.0 | ||
| 008 | 241030s2022 ge ||||| |||| 00| 0 geo d | ||
| 020 | _a9789941371240 | ||
| 041 | _ageo | ||
| 080 | _a94(100) გ-66 | ||
| 100 |
_aგომბრიხი, ერნსტ _923563 |
||
| 245 |
_aმსოფლიოს მოკლე ისტორია / _cერნსტ გომბრიხი; მთარგმნელი ნანა გოგოლაშვილი; რედაქტორი ანა ჭაბაშვილი; დიზაინერი ია გაბუნია. |
||
| 264 |
_aთბილისი : _bსულაკაური, _c2022. |
||
| 300 |
_a418 გვ. ; _b22 სმ. |
||
| 653 | _aისტორია | ||
| 700 |
_aგოგოლაშვილი, ნანა _eმთარგმნელი _916467 |
||
| 700 |
_aჭაბაშვილი, ანა _eრედაქტორი _9995 |
||
| 700 |
_aგაბუნია, ია _eდიზაინერი _914200 |
||
| 942 |
_2udc _cᲬᲘᲒᲜᲘ |
||